<?xml version="1.0" encoding="UTF-8"?>
<record
    xmlns:xsi="http://www.w3.org/2001/XMLSchema-instance"
    xsi:schemaLocation="http://www.loc.gov/MARC21/slim http://www.loc.gov/standards/marcxml/schema/MARC21slim.xsd"
    xmlns="http://www.loc.gov/MARC21/slim">

  <leader>01058nam a2200217 a 4500</leader>
  <controlfield tag="001">SSB032887</controlfield>
  <controlfield tag="005">20140930135922.0</controlfield>
  <controlfield tag="008">                                        </controlfield>
  <datafield tag="020" ind1=" " ind2=" ">
    <subfield code="a">9789719924258</subfield>
  </datafield>
  <datafield tag="050" ind1=" " ind2=" ">
    <subfield code="a">LB 14.7</subfield>
    <subfield code="b">.Or77 2011</subfield>
  </datafield>
  <datafield tag="100" ind1=" " ind2=" ">
    <subfield code="a">Ortinero, Aniceta Manuel.</subfield>
  </datafield>
  <datafield tag="245" ind1=" " ind2="0">
    <subfield code="a">Social dimensions of education /</subfield>
    <subfield code="c">Aniceta Manuel-Ortinero.</subfield>
  </datafield>
  <datafield tag="260" ind1=" " ind2=" ">
    <subfield code="a">Quezon City :</subfield>
    <subfield code="c">c2011.</subfield>
    <subfield code="b">C &amp; E Publishing, Inc.,</subfield>
  </datafield>
  <datafield tag="300" ind1=" " ind2=" ">
    <subfield code="a">xiv, 300 pages :</subfield>
    <subfield code="c">22 cm.</subfield>
  </datafield>
  <datafield tag="504" ind1=" " ind2=" ">
    <subfield code="a">Includes bibliographical references and index.</subfield>
  </datafield>
  <datafield tag="505" ind1=" " ind2=" ">
    <subfield code="g">The six social dimensions in their basic and interdisciplinary forms. --</subfield>
    <subfield code="t">The historical dimension od education. --</subfield>
    <subfield code="t">The political dimension of education. --</subfield>
    <subfield code="t">The economic dimension of education. --</subfield>
    <subfield code="t">The cultural dimesion of education. --</subfield>
    <subfield code="t">The sociological dimension of education. --</subfield>
    <subfield code="t">The socio-psychological dimension of education. --</subfield>
    <subfield code="t">Globalization and education.  </subfield>
  </datafield>
  <datafield tag="521" ind1=" " ind2=" ">
    <subfield code="a">Education</subfield>
  </datafield>
  <datafield tag="650" ind1=" " ind2=" ">
    <subfield code="a">Educational sociology.</subfield>
  </datafield>
  <datafield tag="650" ind1=" " ind2=" ">
    <subfield code="a">School management and organization</subfield>
    <subfield code="x">Social aspects. </subfield>
  </datafield>
  <datafield tag="942" ind1=" " ind2=" ">
    <subfield code="2">lcc</subfield>
    <subfield code="c">BK</subfield>
    <subfield code="k">FOR</subfield>
  </datafield>
  <datafield tag="999" ind1=" " ind2=" ">
    <subfield code="c">275958</subfield>
    <subfield code="d">275958</subfield>
  </datafield>
  <datafield tag="952" ind1=" " ind2=" ">
    <subfield code="0">0</subfield>
    <subfield code="1">0</subfield>
    <subfield code="2">lcc</subfield>
    <subfield code="4">0</subfield>
    <subfield code="a">CL</subfield>
    <subfield code="b">CL</subfield>
    <subfield code="c">FIL</subfield>
    <subfield code="d">2013-02-08</subfield>
    <subfield code="e">Library Fund</subfield>
    <subfield code="l">0</subfield>
    <subfield code="o">LB 14.7 .Or77 2011</subfield>
    <subfield code="p">C15083</subfield>
    <subfield code="r">2018-05-08 00:00:00</subfield>
    <subfield code="t">1</subfield>
    <subfield code="w">2013-02-08</subfield>
    <subfield code="y">BK</subfield>
  </datafield>
  <datafield tag="952" ind1=" " ind2=" ">
    <subfield code="0">0</subfield>
    <subfield code="1">0</subfield>
    <subfield code="2">lcc</subfield>
    <subfield code="4">0</subfield>
    <subfield code="a">CL</subfield>
    <subfield code="b">CL</subfield>
    <subfield code="c">FIL</subfield>
    <subfield code="d">2013-11-27</subfield>
    <subfield code="e">Library Fund</subfield>
    <subfield code="l">1</subfield>
    <subfield code="o">LB 14.7 .Or77 2011</subfield>
    <subfield code="p">C15078</subfield>
    <subfield code="r">2018-05-08 00:00:00</subfield>
    <subfield code="s">2015-06-19</subfield>
    <subfield code="t">2</subfield>
    <subfield code="w">2013-11-27</subfield>
    <subfield code="y">BK</subfield>
  </datafield>
  <datafield tag="952" ind1=" " ind2=" ">
    <subfield code="0">0</subfield>
    <subfield code="1">0</subfield>
    <subfield code="2">lcc</subfield>
    <subfield code="4">0</subfield>
    <subfield code="a">CL</subfield>
    <subfield code="b">CL</subfield>
    <subfield code="c">FIL</subfield>
    <subfield code="d">2014-09-30</subfield>
    <subfield code="e">Library Fund</subfield>
    <subfield code="l">0</subfield>
    <subfield code="o">LB 14.7 .Or77 2011</subfield>
    <subfield code="p">C18757</subfield>
    <subfield code="r">2018-05-08 00:00:00</subfield>
    <subfield code="w">2014-09-30</subfield>
    <subfield code="y">BK</subfield>
  </datafield>
  <datafield tag="952" ind1=" " ind2=" ">
    <subfield code="0">0</subfield>
    <subfield code="1">0</subfield>
    <subfield code="2">lcc</subfield>
    <subfield code="4">0</subfield>
    <subfield code="a">A</subfield>
    <subfield code="b">A</subfield>
    <subfield code="c">NULL</subfield>
    <subfield code="d">2014-09-30</subfield>
    <subfield code="e">DONATION</subfield>
    <subfield code="l">1</subfield>
    <subfield code="m">3</subfield>
    <subfield code="o">LB 14.7 .Or77 2011</subfield>
    <subfield code="p">C18758</subfield>
    <subfield code="r">2018-05-08 00:00:00</subfield>
    <subfield code="s">2015-06-11</subfield>
    <subfield code="w">2014-09-30</subfield>
    <subfield code="y">BK</subfield>
  </datafield>
</record>
